Raft of Mohammad (Record no. 12849)

MARC details
000 -LEADER
fixed length control field 00693nam a2200265 a 4500
020 ## - INTERNATIONAL STANDARD BOOK NUMBER
ISBN 0913729
082 00 - DEWEY DECIMAL CLASSIFICATION NUMBER
Classification number 953
Author Cutter PER
100 ## - MAIN ENTRY--AUTHOR NAME
Author name Peroncel-Hugoz, Jean-Pierre
245 ## - TITLE STATEMENT
Title Raft of Mohammad
260 ## - PUBLICATION, DISTRIBUTION, ETC. (IMPRINT)
Place of publication N.York
Name of publisher Paragon House
Year of publication 1988
300 ## - PHYSICAL DESCRIPTION
Number of Pages 194p
500 ## - GENERAL NOTE
General note includes index and biblioraphy
505 2# - FORMATTED CONTENTS NOTE
Formatted contents note Maps
650 ## - SUBJECT ADDED ENTRY--TOPICAL TERM
Topical Term Arab Countries-Civilization-20th Ce
650 ## - SUBJECT ADDED ENTRY--TOPICAL TERM
Topical Term Religions-Fundamentalism
650 ## - SUBJECT ADDED ENTRY--TOPICAL TERM
Topical Term Minorities-Middle East
942 ## - ADDED ENTRY ELEMENTS (KOHA)
Koha item type Books
700 1# -
-- Peroncel-Hugoz, Jean-Pierre
Holdings
Collection code Home library Current library Date acquired Cost, normal purchase price Full call number Accession Number Koha item type
  Henry Martyn Institute Library Henry Martyn Institute Library 04/02/2007 456.00 953 PER 019303 Books
                   Copyright © 2026 | Henry Martyn Institute | Hyderabad | TS-500052 | INDIA | Implemented by hmi.edu.in
Hit-Count:

Powered by Koha